Quizzes
Events
Quiz Creation
Community
Videos
Private Events
Remove Ads
Sign In
Join for FREE
Feedback
Dark Mode
Quiz Categories
Sports
Geography
Music
Movies
Television
Just For Fun
Miscellaneous
History
Literature
Language
Science
Gaming
Entertainment
Religion
Holiday
For Kids
Quiz Lab
Recent
Popular Today
Quiz Kudos Today
Editor Picks
Curator Picks
Quizzes by...
Day
Popularity
Type
Ratings
Length
Year
Community
Subscriptions
Recent Discussions
Orange Saloon
Badges
Playlists
Quests
Create
Leaderboards
Showdown
Live 5
Trivia Bingo
Activity
Puzzle Library
Sporcle Events
Private Events
Virtual Trivia
Globe League
Become a Host
Pub Owners
SporcleCon
Opinionation
Our Games
Videos
Blog
Mobile Apps
Partnerships
Remove Ads and Go Orange
Feedback
Sports
Athletes
MLB
NBA
NHL
NFL
Soccer
Sports Teams
WWE
NCAA
Football
Premier League
Basketball
Baseball
Hockey
Golf
Tennis
Cricket
Rugby
Auto Racing
Olympics
World Cup
Sports
Athletes
MLB
NBA
NHL
NFL
Soccer
Sports Teams
WWE
NCAA
Football
Premier League
Basketball
Baseball
Hockey
Golf
Tennis
Cricket
Rugby
Auto Racing
Olympics
World Cup
Random Quiz
Search Sporcle
×
Quiz Lab
Quiz Lab
Sports
Auto Racing
Type in answers that appear in a list
Type in answers that appear in a list
Classic
Best Score? Go Orange.
Oldest and youngest F1 winners Stats
Can you name the F1 winners over 40 or under 24 years old??
By
billoney
8m
17 Questions
530 Plays
530 Plays
530 Plays
Comments
Comments
Give Quiz Kudos
Give Quiz Kudos
-
- Ratings
hide this ad
Replay
Link that replays current quiz
Next Quiz
Link to next quiz in quiz playlist
You Got
0%
They Got
Avg Score
71%
Avg Friend Score
Upgrade to see
Score Distribution
Jump to the score distribution portion of the page
Score
0/17
Timer
08:00
0
Plays Today
Year (age)
Driver
% Correct
2008 (21.2)
Sebastian Vettel
97.5%
2007 (22.4)
Lewis Hamilton
96.4%
2003 (22.1)
Fernando Alonso
94.7%
46.1 (1957)
Juan-Manuel Fangio
88.1%
2003 (23.4)
Kimi Raikkonen
84%
1992 (23.7)
Michael Schumacher
83.6%
2008 (23.5)
Robert Kubica
78.1%
41.3 (1994)
Nigel Mansell
73.6%
46.8 (1953)
Giuseppe Farina
73.4%
Year (age)
Driver
% Correct
40.3 (1969)
Graham Hill
69.4%
43.9 (1970)
Jack Brabham
65.7%
1970 (23.8)
Emerson Fittipaldi
63%
1959 (22.3)
Bruce McLaren
61.7%
53.1 (1951)
Luigi Fagioli
53.4%
1968 (23.5)
Jacky Ickx
50.8%
45.6 (1952)
Piero Taruffi
40.9%
40.5 (1958)
Maurice Trintignant
33.8%
Quiz Playlist
Details
Report
Send in Message
Add To Playlist
Classic:
Type in answers that appear in a list
Last Updated: Feb 16, 2017
Quiz Scoreboard
CHALLENGE
Sign Up to Join the Scoreboard
Show All
Scores
Hide
Comments
May contain spoilers
Recently Published
Movies - When Are They Set?
by FPL_Elf
Movies
5m
Popular People in 1961
by mucciniale
History
6m
1-10 Letter E Words III
by El_Dandy
Language
2m
More to Explore
Quiz From the Vault
Featured Blog Post
Where Did the Easter Bunny Come From?
hide this ad
You Might Also Like...
Tags
Auto Racing Quiz
F1 Drivers
Formula 1
Formula One
Grand Prix
Today's Top Quizzes in Sports
Browse Sports
hide this ad
Today's Top Quizzes in Auto Racing
Browse Auto Racing
Top Contributed Quizzes in Sports
1
Les meilleurs buteurs des matchs entre le PSG et l’OM
2
FIFA Club World Cup Champions
3
Les entraîneurs de l'OM et du PSG au 21e siècle
4
2022 World Cup Stars
5
Name the Premier League winners with different clubs
6
La finale Lions - Afrique du Sud 2021
7
Criteria MLB: Left Handed Sluggers
8
Les joueurs passés par le LOSC et le RC Lens
9
Players with Multiple 50 Home Run Seasons
10
MLB Players with Two .350 Batting Average Seasons
Explore More
Trending Topics
NBA
Harry Potter
Disney
Kpop
Anime
Marvel
Crossword
Soccer
Puzzle
Song
Pokémon
NFL
WWE
Country
The Office
hide this ad
More By:
billoney
Quiz
Plays
Rating
Category
Featured
Created
Top 5 Formula 1 1981-2022
11,747
4.53
Sports
Apr 13, 2012
F1 logic problem: winners 2000s & 2010s
4,341
3.30
Sports
Jan 29, 2022
F1 winners for more than 2 constructors
2,399
4.07
Sports
Aug 9, 2012
Top 5 Formula 1 1950-1980
1,754
3.92
Sports
Apr 13, 2012
F1 logic problem: winners of the 1990s
1,482
5.00
Sports
Feb 4, 2022
Go to Creator's Profile
Score Distribution
Quiz Creator Spotlight
billoney
Follow
Send a Message
Quizzes Created
-
Created Quiz Play Count
-
More By This Creator
Popular Quizzes Today
1
Find the US States - No Outlines Minefield
2
Find the Countries of Europe - No Outlines Minefield
3
The Countries of the World
4
Popular People in 1961
5
1-10 Letter E Words III
6
US States
7
Find the US States
8
One Thing in Common: World Cities II
More Sports Quizzes
Most minutes for Socceroos at FIFA World Cups
Quiz Lab
Trending Quizzes
Risky Map Clicking: Least Populous States A-Z
1-10 Letter F Words
Humor Books: The Subtitles
1-10 Letter G Words
One Thing in Common: United Kingdom
Recently Updated
Leaping Animals
pecheneg
Reality TV Shows (A-Z)
bhenderson79
Rickey Henderson's Hall of Fame Teammates
pecheneg
Champions League XIs: Arsenal
pecheneg
Quick Pick: Celebrities in WWE's Hall of Fame
aduchscher
A-Z Keypad Blitz II
pecheneg
Multiple Oscar Actors
pecheneg
Mystery Phrase Blitz: Oscar 'Best Actors'
pecheneg
F. Scott Fitzgerald Novels
LTH
Pick 3 Villains
ddd62291
Trending Topics
Disney
Crossword
Kpop
Marvel
NBA
Anime
Harry Potter
NFL
Song
The Office
Country
Puzzle
Pokémon
WWE
Soccer
Your Account Isn't Verified!
In order to create a playlist on Sporcle, you need to verify the email address you used during registration. Go to your
Sporcle Settings
to finish the process.
Report this User
Report this user for behavior that violates our
Community Guidelines
.
Details:
Send Report
Go to the Sporcle.com Mobile Site →
Comments